Sports Quiz

Random Sports or Football Quiz

Highest Fantasy Football Totals (2000s) Quiz Stats

 Plays Quiz not verified by Sporcle

Challenge
Share
Tweet
Embed
Score 0/12 Timer 04:00
0 Plays Today
Fantasy Total/Year Set Player % Correct
52 points - 2002Shaun Alexander
96.7%
45 points - 2009Chris Johnson
96.7%
45 points - 2002LaDainian Tomlinson
95.9%
49 points - 2010Michael Vick
95.6%
46 points - 2007Adrian Peterson
95.6%
54 points - 2004Clinton Portis
91.6%
48 points - 2002Priest Holmes
90.5%
47 points - 2002Marshall Faulk
90.2%
48 points - 2000Fred Taylor
83.1%
47 points - 2009Jerome Harrison
64.6%
47 points - 2000Jimmy Smith
62.1%
49 points - 2000Mike Anderson
58.6%

You're not logged in!

Compare scores with friends on all Sporcle quizzes.
OR
Log In

You Might Also Like...

Show Comments

Extras

Top Quizzes Today


Score Distribution

Your Account Isn't Verified!

In order to create a playlist on Sporcle, you need to verify the email address you used during registration. Go to your Sporcle Settings to finish the process.

Report this User

Report this user for behavior that violates our Community Guidelines.

Details: